Statistics for Modern-Day Countries of the Ayyubid Dynasty

Click here to take the quiz!

General Stats

  • This quiz has been taken 10 times
  • The average score is 10 of 10

Answer Stats

Countries% Correct
Egypt
100%
Israel
100%
Jordan
100%
Libya
100%
Saudi Arabia
100%
Turkey
100%
Yemen
100%
Iraq
90%
Syria
90%
Lebanon
80%

Score Distribution

Percentile by Number Answered

Percent of People with Each Score

Your Score History

You have not taken this quiz